Progress in clinical medicine/ (Record no. 163667)

MARC details
000 -LEADER
fixed length control field 00553nam a2200205 4500
005 - DATE AND TIME OF LATEST TRANSACTION
control field 20190426124215.0
010 ## - LCCN (DPL NO)
LC control number B-045732
035 ## - SYSTEM CONTROL NUMBER
System control number B-045732
037 ## - SOURCE OF ACQUISITION
Source of stock number/acquisition DBAD/PUB
082 ## - DEWEY DECIMAL CLASSIFICATION NUMBER
Classification number 616.7
100 ## - MAIN ENTRY--PERSONAL NAME
Personal name Daley, Raymond
245 ## - TITLE STATEMENT
Title Progress in clinical medicine/
Statement of responsibility, etc ed. by Raymond daley
260 ## - PUBLICATION, DISTRIBUTION, ETC. (IMPRINT)
Place of publication, distribution, etc London
Name of publisher, distributor, etc J. & A. Churchill ltd.
Date of publication, distribution, etc 1961
270 ## - ADDRESS
Address 104 Gloucester Plac, W.1
City London
300 ## - PHYSICAL DESCRIPTION
Extent 345p.
Dimensions 23cm.(hbk)
500 ## - GENERAL NOTE
General note ill.
700 ## - ADDED ENTRY--PERSONAL NAME
Personal name Henry Miller
942 ## - ADDED ENTRY ELEMENTS (KOHA)
Source of classification or shelving scheme Dewey Decimal Classification
Item type English Books
Classification part 616.7
Call number suffix DAL
Holdings
Withdrawn status Lost status Not for loan Collection code Home library Current library Date acquired Source of acquisition Full call number Barcode Copy number Koha item type
      Non-fiction Central Library Central Library 25/04/2019 DBAD 616.7 DAL B-045732 1 English Books

© Delhi Public Library
Hit Counter
free hit counter